Southville International School and Colleges
Your cart is empty.
  • Cart
  • Lists
    Public lists Eva Luna New books Lux_list list_1
    Your lists Log in to create your own lists
  • Log in to your account
  • Your cookies
  • Search history
Southville International School and Colleges
  • Advanced search
  • Recent comments
  • Most popular
  • Libraries

Log in to your account

Log in with GOOGLE


If you do not have an external account, but do have a local account, you can still log in:

  1. Home
  2. MARC view: Phantasmagoria and Other Poems
Normal view MARC view ISBD view

Phantasmagoria and Other Poems (Record no. 230002)

[ view plain ]
MARC details
000 -LEADER
fixed length control field 01109cam a22002773a 4500
001 - CONTROL NUMBER
control field 651
003 - CONTROL NUMBER IDENTIFIER
control field PGUSA
005 - DATE AND TIME OF LATEST TRANSACTION
control field 20140828082951.0
008 - FIXED-LENGTH DATA ELEMENTS--GENERAL INFORMATION
fixed length control field 960901s1996||||xxu|||||s|||||000 p eng d
040 ## - CATALOGING SOURCE
Original cataloging agency PGUSA
Language of cataloging eng
042 ## - AUTHENTICATION CODE
Authentication code dc
050 #4 - LIBRARY OF CONGRESS CALL NUMBER
Classification number PR
100 1# - MAIN ENTRY--PERSONAL NAME
Personal name Carroll, Lewis,
Dates associated with a name 1832-1898
245 10 - TITLE STATEMENT
Title Phantasmagoria and Other Poems
Medium [electronic resource] /
Statement of responsibility, etc Lewis Carroll
260 ## - PUBLICATION, DISTRIBUTION, ETC. (IMPRINT)
Name of publisher, distributor, etc Project Gutenberg,
Date of publication, distribution, etc 1996
505 0# - FORMATTED CONTENTS NOTE
Formatted contents note Phantasmagoria -- Echoes -- A sea dirge -- Ye carpette knyghte -- Hiawatha's photographing -- Melancholetta -- A valentine -- The three voices -- Tèma con variaziòni -- A game of fives -- Poeta fit, non nascitur -- Size and tears -- Atalanta in Camden-town -- The lang coortin' -- Four riddles -- Fame's penny-trumpet.
506 ## - RESTRICTIONS ON ACCESS NOTE
Terms governing access Public domain in the USA.
516 ## - TYPE OF COMPUTER FILE OR DATA NOTE
Type of computer file or data note Electronic text
653 ## - INDEX TERM--UNCONTROLLED
Uncontrolled term Ghosts -- Poetry
653 ## - INDEX TERM--UNCONTROLLED
Uncontrolled term Fantasy poetry, English
653 ## - INDEX TERM--UNCONTROLLED
Uncontrolled term English poetry -- 19th century
700 1# - ADDED ENTRY--PERSONAL NAME
Personal name Frost, A. B.
Fuller form of name (Arthur Burdett),
Dates associated with a name 1851-1928
830 #0 - SERIES ADDED ENTRY--UNIFORM TITLE
Uniform title Project Gutenberg
Volume number/sequential designation 651
856 40 - ELECTRONIC LOCATION AND ACCESS
Uniform Resource Identifier <a href="http://www.gutenberg.org/ebooks/651">http://www.gutenberg.org/ebooks/651</a>
942 ## - ADDED ENTRY ELEMENTS (KOHA)
Koha item type eBooks
Holdings
Withdrawn status Lost status Damaged status Home library Current library Date acquired Total Checkouts Date last seen Price effective from Koha item type
      Project Gutenberg Project Gutenberg 08/28/2014   08/28/2014 08/28/2014 eBooks

Phantasmagoria and Other Poems

APA

Carroll L., Frost A. B., . (1996). Phantasmagoria and Other Poems. : Project Gutenberg.

Chicago

Carroll Lewis, Frost A B, . 1996. Phantasmagoria and Other Poems. : Project Gutenberg.

Harvard

Carroll L., Frost A. B., . (1996). Phantasmagoria and Other Poems. : Project Gutenberg.

MLA

Carroll Lewis, Frost A B, . Phantasmagoria and Other Poems. : Project Gutenberg. 1996.

  • Place hold
  • Print
  • Cite
  • Add to your cart (remove)
  • Save record
    BIBTEX Dublin Core MARCXML MARC (non-Unicode/MARC-8) MARC (Unicode/UTF-8) MARC (Unicode/UTF-8, Standard) MODS (XML) RIS
  • More searches
    Search for this title in:
    Other Libraries (WorldCat) Other Databases (Google Scholar) Online Stores (Bookfinder.com) Open Library (openlibrary.org)

Exporting to Dublin Core...

SOUTHVILLE LIBRARY

Southville International School and Colleges Library

1281 Tropical Ave. Cor. Luxembourg St., BF Homes International, Las Pinas City

Tel. No. 8256374 / 252358 Loc. 117/146

Powered by Koha